000 01415cam a2200361 a 4500
999 _c529780
_d529780
001 12664756
003 NUST
005 20191003110237.0
008 020201s2002 nyuabf b 000 0deng
010 _a 2002022033
020 _a0375403973
038 _awaseem
040 _aDLC
_cDLC
_dDLC
043 _af-sj---
050 0 0 _aDT157.672
_b.S37 2002
082 0 0 _a962.404
_bSCR
100 1 _aScroggins, Deborah.
_922576
245 1 0 _aEmma's war /
_cDeborah Scroggins.
250 _a1st ed.
260 _aNew York :
_bPantheon Books
_cc2002.
300 _aix, 389 p., [8] p. of plates :
_bill., map ;
_c25 cm.
504 _aIncludes bibliographical references (p. 381-387).
600 1 0 _aMcCune, Emma,
_d1964-
_922577
600 1 0 _aScroggins, Deborah
_xTravel
_zSudan.
_922578
650 0 _aBritish
_zSudan
_vBiography.
_922579
651 0 _aSudan
_xHistory
_yCivil War, 1983-2005.
_922580
856 4 2 _3Contributor biographical information
_uhttp://www.loc.gov/catdir/bios/random054/2002022033.html
856 4 1 _3Sample text
_uhttp://www.loc.gov/catdir/samples/random043/2002022033.html
856 4 2 _3Publisher description
_uhttp://www.loc.gov/catdir/description/random047/2002022033.html
906 _a7
_bcbc
_corignew
_d1
_eocip
_f20
_gy-gencatlg
942 _2ddc
_cBK